000 00581nam a2200193Ia 4500
005 20260114185619.0
008 008 260114s9999 xx 000 0 eng d
020 _a9798400690907
037 _aEBOOK
040 _aCRL
_beng
_cCRL
041 _aeng
_2eng
084 _qCRL
100 _aJames S. Olson, Mariah Gumpert
_9872232
245 4 _aThe New Era of the 1920s Key Themes and Documents
260 _bBloomsbury
_c2017
856 _uhttps://doi.org/10.5040/9798400690907?locatt=label:secondary_bloomsburyCollections
942 _cEBOOK
999 _c1471180
_d1471180